Apropiación social del saber y del patrimonio ambiental "Expedición Ruta Arcoíris" : Santa Isabel, un patrimonio ambiental por conocer, valorar, apropiar y defender /

Saved in:
書目詳細資料
主要作者: Velásquez Sarria, Jairo Andrés (autor.)
其他作者: Flórez Espinosa, Gloria Marcela (autora.), Campuzano Castellanos, Daniela (autora.), Troncoso Troncoso, Dahiana Paola (autora.), Vera Rodríguez, Jorge Mario (autor.), Hernández Atencia, Yelena (autora.)
格式: 電子書
語言:西班牙语
出版: Tolima : Sello Editorial Universidad del Tolima, 2024.
主題:
在線閱讀:https://elibro.unach.elogim.com/es/lc/unach/titulos/291945
標簽: 添加標簽
沒有標簽, 成為第一個標記此記錄!

MARC

LEADER 00000nam a2200000 i 4500
001 ELB291945
003 FINmELB
005 20260223142500.5
006 m o d |
007 cr cnu||||||||
008 260222s2024 ck b ob 001 0 spa d
020 |a 9789585090125  |q (print) 
020 |a 9789585090187  |q (e-book) 
035 |a (OCoLC)1574228344 
040 |a FINmELB  |b spa  |e rda  |c FINmELB 
050 4 |a QH77.C7  |b V434 2024 
080 |a 502.1(862.32) 
082 0 4 |a 333.7809861  |2 23 
100 1 |a Velásquez Sarria, Jairo Andrés,  |e autor. 
245 1 0 |a Apropiación social del saber y del patrimonio ambiental "Expedición Ruta Arcoíris" :  |b Santa Isabel, un patrimonio ambiental por conocer, valorar, apropiar y defender /  |c Jairo Andrés Velásquez Sarria, Gloria Marcela Flórez Espinosa, Daniela Campuzano Castellanos, Dahiana Paola Troncoso Troncoso, Jorge Mario Vera Rodríguez, Yelena Hernández Atencia, Lina María Corrales Bravo, Yeison Leonardo Ortegón Tolosa, Enrique Alirio Ortiz Güiza. 
264 1 |a Tolima :  |b Sello Editorial Universidad del Tolima,  |c 2024. 
300 |a 1 recurso en línea (67 páginas) :  |b ilustraciones, tablas, mapas 
336 |a texto  |b txt  |2 rdacontent/spa 
337 |a computadora  |b c  |2 rdamedia/spa 
338 |a recurso en línea  |b cr  |2 rdacarrier/spa 
500 |a incluye índice. 
504 |a incluye referencias bibliográficas. 
588 |a Descripción basada en metadatos suministrados por el editor y otras fuentes. 
590 |a Recurso electrónico. Santa Fe, Arg.: elibro, 2026. Disponible vía World Wide Web. El acceso puede estar limitado para las bibliotecas afiliadas a elibro. 
651 4 |a Santa Isabel, Tolima (Colombia)  |x Aspectos culturales. 
651 4 |a Santa Isabel, Tolima (Colombia)  |x Aspectos ambientales. 
651 4 |a Santa Isabel, Tolima (Colombia)  |x Aspectos sociales. 
655 4 |a Libros electrónicos. 
700 1 |a Flórez Espinosa, Gloria Marcela,  |e autora. 
700 1 |a Campuzano Castellanos, Daniela,  |e autora. 
700 1 |a Troncoso Troncoso, Dahiana Paola,  |e autora. 
700 1 |a Vera Rodríguez, Jorge Mario,  |e autor. 
700 1 |a Hernández Atencia, Yelena,  |e autora. 
797 2 |a elibro, Corp. 
856 4 0 |u https://elibro.unach.elogim.com/es/lc/unach/titulos/291945